| 000 | 00740nam a22002292 4500 | ||
|---|---|---|---|
| 001 | 18309 | ||
| 003 | BD-RjUL | ||
| 005 | 20211209000252.0 | ||
| 008 | 140220s1960 enka j 000 1 eng d | ||
| 035 |
_a(BD-RjUL)18367 _aOCLC ocm08083062 from D961223M |
||
| 040 |
_aSJP _cSJP _dUKM _dEQO _dBD-RjUL _beng |
||
| 041 | _aeng | ||
| 082 | 0 | 4 |
_a823.91 _218 _bMAR 1960 |
| 100 | 1 |
_aMayne, William, _d1928-2010 _956360 |
|
| 245 | 1 | 4 |
_aThe rolling season / _cWilliam Mayne ; illustrated by Christopher Brooker. |
| 250 | _a1st ed. | ||
| 260 |
_aLondon : _bOxford University Press, _c1960. |
||
| 300 |
_a175 p. : _bill. ; _c23 cm. |
||
| 650 | 0 |
_aWells _vJuvenile fiction. _956361 |
|
| 650 | 0 |
_aWater-supply _vJuvenile fiction. _956362 |
|
| 942 |
_2ddc _cBK |
||
| 999 |
_c18309 _d18309 |
||